| 000 | 01483nam a2200289 i 4500 | ||
|---|---|---|---|
| 001 | 155559 | ||
| 003 | ES-MaACL | ||
| 005 | 20250821092338.0 | ||
| 008 | 170619s1945 sp a |||| | spa d | ||
| 245 | 0 | 0 |
_aFiguras cumbre del arte contemporaneo español. _nIV. |
| 260 |
_aBarcelona : _bArchivo de Arte, _c[1945?] |
||
| 300 |
_a1 v. : _bpricipalmente il. col. ; _c34 cm. |
||
| 505 | 0 | _aJosé Aguiar / Enrique Lafuente Ferrari (10 h. de lám., 1 retr., 3 h. de texto). Eduardo Chicharro / José Francés (10 h. de lám., 1 retr., 3 h. de texto). José Segrelles / F. Pérez-Dolz (10 h. de lám., 1 retr., 2 h. de texto). Gregorio Prieto / F. Pérez-Dolz (10 h. de lám., 1 retr., 2 h. de texto). Francisco Serra / Juan Cortés (10 h. de lám., 1 retr., 2 h. de texto) | |
| 594 | _aCada artista con retrato y reproducción de obras en láminas en blanco y negro y color, montadas sobre papel, más 2 ó 3 h. con texto de presentación. | ||
| 600 | 1 | 4 |
_aAguiar, José, _d1895-1976 _918668 |
| 600 | 0 | 4 |
_aChicharro, Eduardo. _938481 |
| 600 | 0 | 4 |
_aSegrelles, José. _9105167 |
| 600 | 0 | 4 |
_aPrieto, Gregorio. _993885 |
| 600 | 1 | 4 |
_aSerra Castellet, Francisco. _9163082 |
| 600 | 0 | 4 |
_aCortés, Juan. _940860 |
| 650 | 0 | 0 |
_aArte español- _yS.XX. _910202 |
| 700 | 1 |
_aLafuente Ferrari, Enrique, _d1898-1985 _969538 |
|
| 700 | 1 |
_aFrancés, José, _d1883-1964 _952141 |
|
| 700 | 1 |
_aPérez-Dolz, Francisco. _990836 |
|
| 852 |
_aES-MaACL _jB-2916 _z- Enc. tela |
||
| 999 |
_c155559 _d155559 |
||